000 01211cam a22002771i 4500
003 SA-RiAUC
005 20250130064451.0
008 250128s1997 sy g b 000r0 ara c
040 _aSA-JeALM
_bara
_cSA-RiAUC
_erda
082 0 4 _a251.224
_qSA-RiAUC
090 _a251.224
_b م ي غ
100 1 _aميغا، جبريل بن المهدي بن علي
_eمؤلف.
245 1 2 _aالصحة والفساد عند الأصوليين وأثرهما في الفقه الإسلامي /
_cجبريل بن المهدي بن علي ميغا آل أسكيا محمد.
250 _aالطبعة الاولى.
264 1 _aحلب، سوريا :
_bدار الصابوني،
_c[1997]
300 _a597 صفحة ؛
_c25 سم
336 _aنص
_btxt
_2rdacontent
_3كتاب
337 _aبدون وسيط
_bn
_2rdamedia
338 _aمجلد
_bnc
_2rdacarrier
500 _aاهداء من المؤلف جبريل بن علي ميغا بتاريخ 4 / 6 / 1419 هـ
504 _aببليوجرافية : صفحة 545-569.
650 7 _aأصول الفقه الإسلامي
_2aucsh
650 1 7 _aالفقة الاسلامي، أصول.
_2aucsh
942 _2ddc
_cBOOK
_n0
949 _aSA-JeALM
_d250128
_uosman123
_n1
999 _c5437
_d5437